CORPORATE COMMUNICATION (Record no. 12778)

MARC details
000 -LEADER
fixed length control field 00374nam a22001577a 4500
003 - CONTROL NUMBER IDENTIFIER
control field SGT
020 ## - INTERNATIONAL STANDARD BOOK NUMBER
International Standard Book Number 9780198063650
082 ## - DEWEY DECIMAL CLASSIFICATION NUMBER
Classification number 302
Item number C15J
100 ## - MAIN ENTRY--PERSONAL NAME
Personal name JETHWANEY,JAISRI
245 ## - TITLE STATEMENT
Title CORPORATE COMMUNICATION
260 ## - PUBLICATION, DISTRIBUTION, ETC. (IMPRINT)
Place of publication, distribution, etc NEW DELHI
Name of publisher, distributor, etc OXFORD UNIVERSITY PRESS
Year of Publication 2015
300 ## - PAGE DESCRIPTION
No. of Pages 432
650 ## - SUBJECT ADDED ENTRY--TOPICAL TERM
Topical term or geographic name as entry element CORPORATE COMMUNICATION
653 ## - KEYWORDS--INDEX TERM
Keyword term COMMUNICATION
942 ## - ADDED ENTRY ELEMENTS (KOHA)
Source of classification or shelving scheme Dewey Decimal Classification
Koha item type Books
942 ## - ADDED ENTRY ELEMENTS (KOHA)
-- 4
Holdings
Withdrawn status Lost status Source of classification or shelving scheme Damaged status Not for loan Collection code Home library Current library Shelving location Date acquired Vendor Name Cost, normal purchase price SGTU Bill Number Total Checkouts Full call number Accession No. (Barcode) Date last seen Date last borrowed Bill Date Koha item type
    Dewey Decimal Classification     MASS COMMUNICATION SGT Science & Social Sciences Library SGT Science & Social Sciences Library Text Book 02/08/2017 AHUJA BOOKS PUBLISHER 365.00 SGTU 6739 9 302 C15J MC17 12/05/2026 27/04/2026 16/03/2016 Books
    Dewey Decimal Classification     MASS COMMUNICATION SGT Science & Social Sciences Library SGT Science & Social Sciences Library Text Book 02/08/2017 AHUJA BOOKS PUBLISHER 365.00 SGTU 6739 4 302 C15J MC18 12/04/2018 28/03/2018 16/03/2016 Books
    Dewey Decimal Classification     MASS COMMUNICATION SGT Science & Social Sciences Library SGT Science & Social Sciences Library Text Book 02/08/2017 AHUJA BOOKS PUBLISHER 365.00 SGTU 6739 2 302 C15J MC19 06/10/2018 03/04/2018 16/03/2016 Books
    Dewey Decimal Classification     MASS COMMUNICATION SGT Science & Social Sciences Library SGT Science & Social Sciences Library Text Book 02/08/2017 AHUJA BOOKS PUBLISHER 365.00 SGTU 6739 7 302 C15J MC20 08/04/2023 08/04/2023 16/03/2016 Books
    Dewey Decimal Classification     MASS COMMUNICATION SGT Science & Social Sciences Library SGT Science & Social Sciences Library Text Book 02/08/2017 AHUJA BOOKS PUBLISHER 365.00 SGTU 6739 3 302 C15J MC21 23/09/2021 09/09/2021 16/03/2016 Books